Advance of phycology in Japan

Αποθηκεύτηκε σε:
Λεπτομέρειες βιβλιογραφικής εγγραφής
Άλλοι συγγραφείς: Tokida, Jun 1903- (Επιμελητής έκδοσης), Hirose, Hiroyuki 1912- (Επιμελητής έκδοσης)
Μορφή: Βιβλίο
Γλώσσα:English
Δημοσίευση: The Hague : Junk, 1975
Θέματα:
Ετικέτες: Προσθήκη ετικέτας
Δεν υπάρχουν, Καταχωρήστε ετικέτα πρώτοι!

MARC

LEADER 00000nam a2200000 i 4500
001 1/93840
008 080915s1975 eng d
020 |a 9-06-193026-X 
035 |l 10100141 
040 |a GR-MY-UA  |b gre  |e aacr 
041 0 |a eng 
082 0 |a 589.3  |2 (22) 
245 1 0 |a Advance of phycology in Japan /  |c edited by Jun Tokida, Hiroyuki Hirose 
260 |a The Hague :   |b Junk,   |c 1975 
300 |a 355 σ.;  |b εικ., πίν., διαγρ.;  |c 25 εκ. 
504 |a Περιέχει βιβλιογραφικές αναφορές και ευρετήριο 
650 0 0 |a Algology  |z Japan. 
700 1 |a Tokida, Jun  |d 1903-  |4 edt 
700 1 |a Hirose, Hiroyuki  |d 1912-  |4 edt 
852 |a INST  |b LESVOS  |e 20080915  |h 589.3 ADV  |p 005100042897  |q 005100042897  |t BK  |y 0 
901 |a BIBL1-2008-3 
909 |a Λ  |b 144325 
922 |a 1ΕΛΗ  |b 200801  |c ΕΠΕΑΕΚ2/ΤΕΘ  |d ΠΑΠΑΣΩΤΗΡΙΟΥ 
970 |a ΧΑΤΖΗΜΙΧΑΗΛ  |b ΜΑΡΙΑ  |z 2008/09/15